| 000 | 01001nam a22002537a 4500 | ||
|---|---|---|---|
| 001 | 47884 | ||
| 003 | BD-RjUL | ||
| 005 | 20211209054421.0 | ||
| 008 | 160810s1977 ii ||||| |||| 00| 0 ben d | ||
| 020 | _c: IRs 20.00 | ||
| 035 | _a(BD-RjUL)48003 | ||
| 040 |
_aBD-RjUL _bben _cBD-RjUL |
||
| 041 | _aben | ||
| 082 |
_223 _a891.208 _bBHK 1977 |
||
| 100 |
_aভট্র, সোমদেব _9145337 |
||
| 245 | 1 | 0 |
_aকথাসরিৎসাগর / _cসোমদেব ভট্র |
| 260 |
_aকলকাতা : _bভারবি, _c১৯৭৭ |
||
| 300 |
_a২৬৬ পৃ. : _bচিত্র ; _c২১ সেমি |
||
| 650 |
_aসংস্কৃত সাহিত্য _xসংগ্রহ _9145338 |
||
| 650 |
_aSanskrite Literature _xCollection _9145339 |
||
| 700 |
_aসর্বাধিকারী, দীপা, সম্পাদক _9145340 |
||
| 700 |
_aভট্রাচার্য, সুকুমারী, ভূমিকা _9145341 |
||
| 942 |
_2ddc _cBK |
||
| 999 |
_c47884 _d47884 |
||